UM Logo

Mobile Game Application with HTML5 Support for Browser Devices/ (Record no. 14993)

MARC details
000 -LEADER
fixed length control field 00634nam a22001697a 4500
008 - FIXED-LENGTH DATA ELEMENTS--GENERAL INFORMATION
fixed length control field 200204b ||||| |||| 00| 0 eng d
082 ## - DEWEY DECIMAL CLASSIFICATION NUMBER
Edition number 2014
Classification number UT 1438
Item number V54
100 ## - MAIN ENTRY--PERSONAL NAME
Personal name Velasco, Sedfrey
9 (RLIN) 41620
245 ## - TITLE STATEMENT
Title Mobile Game Application with HTML5 Support for Browser Devices/
Statement of responsibility, etc. Sedfrey Velasco,Winston Erzie Resada & Deneca Cenita
260 ## - PUBLICATION, DISTRIBUTION, ETC. (IMPRINT)
Place of publication, distribution, etc. Digos City
Name of publisher, distributor, etc. UMDC
Date of publication, distribution, etc. March 2014
300 ## - PHYSICAL DESCRIPTION
Extent 188 pages
Dimensions 30 cm
650 ## - SUBJECT ADDED ENTRY--TOPICAL TERM
Topical term or geographic name as entry element Technical Education
Form subdivision Information Technology
General subdivision Undergraduate Thesis
9 (RLIN) 41335
700 ## - ADDED ENTRY--PERSONAL NAME
Personal name Velasco, Sedfrey
9 (RLIN) 41621
700 ## - ADDED ENTRY--PERSONAL NAME
Personal name Resada, Winston Erzie
9 (RLIN) 41622
700 ## - ADDED ENTRY--PERSONAL NAME
Personal name Cenita, Deneca
9 (RLIN) 41623
942 ## - ADDED ENTRY ELEMENTS (KOHA)
Source of classification or shelving scheme Dewey Decimal Classification
Koha item type Undergraduate Thesis
Holdings
Withdrawn status Lost status Source of classification or shelving scheme Damaged status Not for loan Collection code Home library Current library Date acquired Total Checkouts Full call number Barcode Date last seen Price effective from Koha item type
    Dewey Decimal Classification     Undergraduate Theses UM Digos College - LIC UM Digos College - LIC 01/22/2020   UT 1438 V54 2014 UT 1438 02/04/2020 02/04/2020 Undergraduate Thesis